Normal view
MARC view
- الشعر العربي-النقد العربي-العصر الجاهلي
Entry Topical Term
001 - CONTROL NUMBER
- control field: 63006
003 - CONTROL NUMBER IDENTIFIER
- control field: JO-AjAnu
005 - DATE AND TIME OF LATEST TRANSACTION
- control field: 20230606084304.0
008 - FIXED-LENGTH DATA ELEMENTS
- fixed length control field: 230606|| aca||aabn | a|a d
040 ## - CATALOGING SOURCE
- Original cataloging agency: JO-AjAnu
- Transcribing agency: JO-AjAnu
150 ## - HEADING--TOPICAL TERM
- Topical term or geographic name entry element: الشعر العربي-النقد العربي-العصر الجاهلي
670 ## - SOURCE DATA FOUND
- Source citation: Work cat.: (JO-AjAnu)32125: عبد الله، براء حسن, author 63005, مظاهر المواطنة في الشعر الجاهلي